Chronologisches Schrifttenverzeichnis Jürgen Petersohn zur pommerschen Landesgeschichte

Titel: Chronologisches Schrifttenverzeichnis Jürgen Petersohn zur pommerschen Landesgeschichte
In: Baltische Studien, Band 103 (2017), Seite 11-14
alle Artikel anzeigen
Veröffentlicht: 2017
Format: Aufsatz
Sprache: Deutsch
Schlagworte:
Kein Bild verfügbar
X
alg: 43213487
001A    $03025:29-05-18 
001B    $06050:12-12-18 $t11:44:35.000 
001C    $03025:29-05-18 $t12:51:10.000 
001D    $03025:29-05-18 
001U    $0utf8 
001X    $00 
002@    $0Aou 
002C    $aText $btxt $2rdacontent 
002D    $aohne Hilfsmittel zu benutzen $bn $2rdamedia 
002E    $aBand $bnc $2rdacarrier 
003@    $0432134875 
007A    $0432134875 $aHEB 
010@    $ager 
010E    $erda 
011@    $a2017 
021A    $aChronologisches Schrifttenverzeichnis Jürgen Petersohn zur pommerschen Landesgeschichte 
031A    $d103 $h11-14 $j2017 
039B    $aEnthalten in $8--Abvc--. Baltische Studien. - Kiel : Ludwig, 1832-. - ISSN 0067-3099 $x201700001030000989 $9047264489 
044K    $#Peterson, Jürgen $#Petersohn, Juergen $7116128178 $8Petersohn, Jürgen$Z1935-2017 [Tp1] $9092515207 
044K    $RMecklenburg-Vorpommern $#Pommern $#Pommern $#Herzogtum Pommern $#Herzogthum Pommern $#Provinz Pommern $#Pomorze $74046744-2 $8Pommern [Tg1] $9085130354 
044K    $RGeschichtsphilosophie $RVergangenheit $#History $#Histoire $#Storia $#history $#History $#Geschichte $#Landesgeschichte $#Regionalgeschichte $#Ortsgeschichte $#Zeitgeschichte $74020517-4 $8Geschichte [Tsz] $9085049352 
044K    $RVerzeichnis $RInformationsmittel $RKatalog $RLiteraturbericht $RNeuerwerbungsliste $RBibliograf $RBibliografin $#Bibliography $#Bibliographie $#Bibliography, Critical $#Bibliographie critique $#Bibliographie $#Abstract Formschlagwort $#Bücherverzeichnis $#Literaturdokumentation Formschlagwort $#Literaturverzeichnis $#Publikationen Formschlagwort $#Repertorium Bibliografie $#Werke Formschlagwort $#Bibliografien $#Bibliographien $74006432-3 $8Bibliografie [Ts1] $9085009210 
045T    $aAVL $qDE-30 $2FID 

lok: 43213487 78

exp: 43213487 78 1 #EPN
201B/01 $029-05-18 $t12:48:56.000 
201C/01 $029-05-18 
201U/01 $0utf8 
203@/01 $01022828959 
208@/01 $a29-05-18 $be 
209A/01 $a/ $f000 $x00 
209A/01 $ab*p $x01 
220C/01 $aeja 
244Z/01 $#Pommern $#Pommern $#Herzogtum Pommern $#Herzogthum Pommern $#Provinz Pommern $#Pomorze $74046744-2 $8--Tg1--Pommern $x06 $9085130354 
247C/01 $82080>Marburg/Lahn, Herder-Institut, Forschungsbibliothek, Bibliographieportal $9336309341
LEADER 00000caa a2200000 c 4500
001 432134875
003 DE-603
005 20181212114435.0
007 tu
008 180529s2017 xx |||| | u00||u|ger c
035 |a (DE-599)HEB432134875 
040 |a DE-603  |b ger  |c DE-603  |d DE-603  |e rda 
041 |a ger 
084 |a AVL  |q DE-30  |2 fid 
245 0 0 |a Chronologisches Schrifttenverzeichnis Jürgen Petersohn zur pommerschen Landesgeschichte 
264 0 |c 2017 
336 |a Text  |b txt  |2 rdacontent 
337 |a ohne Hilfsmittel zu benutzen  |b n  |2 rdamedia 
338 |a Band  |b nc  |2 rdacarrier 
600 1 7 |a Petersohn, Jürgen  |d 1935-2017  |0 (DE-588)116128178  |0 (DE-603)092515207  |2 gnd 
650 7 |a Geschichte  |0 (DE-588)4020517-4  |0 (DE-603)085049352  |2 gnd 
650 7 |a Bibliografie  |0 (DE-588)4006432-3  |0 (DE-603)085009210  |2 gnd 
651 7 |a Pommern  |0 (DE-588)4046744-2  |0 (DE-603)085130354  |2 gnd 
773 0 8 |i Enthalten in  |t Baltische Studien  |d Kiel : Ludwig, 1832-  |h 24 cm  |x 0067-3099  |g Band 103 (2017), Seite 11-14  |w (DE-603)047264489  |w (DE-600)202273-4 
924 0 |9 2080  |a (DE-603)1022828959  |b DE-2080  |c HES  |d d  |g /